[Event "Faxe Dags op"]
[Site "Faxe"]
[Date "2015.04.29"]
[Round "4"]
[White "Hansen, Borge"]
[Black "Nielsen, Flemming"]
[Result "0-1"]
[WhiteElo "1575"]
[BlackElo "1706"]
[PlyCount "82"]
[EventDate "2015.04.07"]
[EventType "swiss"]
[EventRounds "7"]
[EventCountry "DEN"]
[SourceTitle "EXT 2021"]
[Source "ChessBase"]
[SourceDate "2020.10.23"]
[SourceVersion "1"]
[SourceVersionDate "2020.10.23"]
[SourceQuality "1"]

1. d4 f5 2. c4 Nf6 3. Bg5 e6 4. Nc3 Bb4 5. a3 Bxc3+ 6. bxc3 0-0 7. e3 d5 8. Nf3 c6 9. Be2 Qa5 10. Qb3 Ne4 11. Be7 Re8 12. Bb4 Qc7 13. a4 Nd7 14. 0-0 Ndf6 15. Qc2 a5 16. Ba3 b6 17. Ne5 c5 18. f3 Ng5 19. Qb3 Ba6 20. Rac1 Rac8 21. Rc2 Nf7 22. Nxf7 Qxf7 23. Qxb6 Bxc4 24. Bxc4 dxc4 25. Qxa5 Nd5 26. Re1 cxd4 27. exd4 Ra8 28. Qb5 Rec8 29. Bc5 f4 30. a5 Qg6 31. Re4 Ne3 32. Ra2 Rcb8 33. Bb6 Nd5 34. Qxc4 Rc8 35. Bc5 Rcb8 36. Qd3 Rb3 37. Rc2 Rb1+ 38. Kf2 Ne3 39. g4 Qh6 40. Rxf4 Qxf4 41. Ra2 Nxg4+ 0-1

[Event "Faxe Eftermiddag-B"]
[Site "Faxe"]
[Date "2012.11.07"]
[Round "5"]
[White "Refsgaard, Kaj"]
[Black "Hansen, Borge"]
[Result "1-0"]
[WhiteElo "1581"]
[BlackElo "1525"]
[PlyCount "81"]
[EventDate "2012.09.26"]
[EventType "tourn"]
[EventRounds "5"]
[EventCountry "DEN"]
[SourceTitle "EXT 2023"]
[Source "ChessBase"]
[SourceDate "2022.10.05"]
[SourceVersion "1"]
[SourceVersionDate "2022.10.05"]
[SourceQuality "1"]

1. Nf3 c5 2. g3 Nc6 3. Bg2 d5 4. d3 e6 5. Nbd2 Be7 6. c4 Nf6 7. 0-0 0-0 8. a3 Bd7 9. Nb3 a6 10. Be3 b6 11. Qc2 Rc8 12. Bg5 d4 13. Nbd2 a5 14. Rfe1 Ng4 15. Bxe7 Qxe7 16. h3 Nge5 17. e3 Nxf3+ 18. Nxf3 Qd6 19. exd4 Nxd4 20. Nxd4 Qxd4 21. Re4 Qd6 22. Rae1 Rfd8 23. R1e3 Bc6 24. Re5 Rd7 25. Qc3 Rcd8 26. Bf1 Bb7 27. Rg5 g6 28. Rge5 Qc6 29. f3 Rd6 30. R5e4 Qd7 31. Rh4 Qc7 32. Qe5 Qc8 33. Qg5 R8d7 34. Qh6 f6 35. Rf4 e5 36. Rh4 Qc6 37. Be2 Rf7 38. Rhe4 Qd7 39. Rg4 Qc6 40. Rge4 Qc7 41. Rh4 1-0

[Event "Faxe EMT"]
[Site "Faxe"]
[Date "2012.04.18"]
[Round "3"]
[White "Ostrem, Eyolf"]
[Black "Hansen, Borge"]
[Result "1/2-1/2"]
[WhiteElo "1414"]
[BlackElo "1581"]
[PlyCount "61"]
[EventDate "2012.03.28"]
[EventType "swiss"]
[EventRounds "7"]
[EventCountry "DEN"]
[SourceTitle "EXT 2023"]
[Source "ChessBase"]
[SourceDate "2022.10.05"]
[SourceVersion "1"]
[SourceVersionDate "2022.10.05"]
[SourceQuality "1"]

1. d4 d5 2. Bf4 e6 3. e3 Nf6 4. Nd2 Nbd7 5. Ngf3 Be7 6. Bd3 c5 7. c3 Nh5 8. Bg3 Nxg3 9. hxg3 h6 10. Qc2 c4 11. Be2 Nb6 12. Ne5 Bf6 13. Ndf3 Bd7 14. Ng4 Ba4 15. b3 Bb5 16. a4 Bc6 17. b4 a6 18. Nfe5 Bxe5 19. Nxe5 Qd6 20. Bh5 0-0 21. g4 f5 22. g5 hxg5 23. Bg6 Rf6 24. Qe2 g4 25. Bf7+ Kf8 26. Rh8+ Ke7 27. Rxa8 Nxa8 28. b5 Be8 29. Bxe8 Kxe8 30. Qb2 a5 31. g3 1/2-1/2

[Event "Faxe EMT"]
[Site "Faxe"]
[Date "2010.04.07"]
[Round "4"]
[White "Hansen, Borge"]
[Black "Andersen, Hans E"]
[Result "1/2-1/2"]
[WhiteElo "1525"]
[BlackElo "1433"]
[PlyCount "75"]
[EventDate "2010.03.17"]
[EventType "swiss"]
[EventRounds "7"]
[EventCountry "DEN"]
[SourceTitle "EXT 2023"]
[Source "ChessBase"]
[SourceDate "2022.10.05"]
[SourceVersion "1"]
[SourceVersionDate "2022.10.05"]
[SourceQuality "1"]

1. d4 g6 2. c4 Nf6 3. e3 Bg7 4. Nc3 d5 5. h3 c6 6. Nf3 0-0 7. Be2 Bf5 8. 0-0 Nbd7 9. Nh4 Be6 10. cxd5 Nxd5 11. Nxd5 cxd5 12. Bd2 Nf6 13. Bb4 a5 14. Bc3 Qd7 15. Nf3 Ne4 16. Nd2 f5 17. Nxe4 fxe4 18. Bg4 h5 19. Bxe6+ Qxe6 20. f3 exf3 21. Rxf3 b6 22. Qe2 Bf6 23. Raf1 Rf7 24. Qd3 Rg7 25. Be1 h4 26. Bf2 Bg5 27. Rc1 Rc8 28. Rxc8+ Qxc8 29. Qd2 Qe6 30. Qe1 Rh7 31. Kh1 Bf6 32. Qf1 Qe4 33. Qc1 Qe6 34. Qc2 Kg7 35. Bg1 Rh8 36. Rf1 Rc8 37. Qd2 Qe4 38. Rc1 1/2-1/2

[Event "Faxe EMT"]
[Site "Faxe"]
[Date "2009.04.22"]
[Round "5"]
[White "Brinkhard, Anders"]
[Black "Hansen, Borge"]
[Result "0-1"]
[WhiteElo "1432"]
[BlackElo "1511"]
[PlyCount "169"]
[EventDate "2009.03.18"]
[EventType "swiss"]
[EventRounds "7"]
[EventCountry "DEN"]
[SourceTitle "EXT 2023"]
[Source "ChessBase"]
[SourceDate "2022.10.05"]
[SourceVersion "1"]
[SourceVersionDate "2022.10.05"]
[SourceQuality "1"]

1. Nf3 d5 2. d4 e6 3. Bf4 c5 4. c3 Nc6 5. e3 Nf6 6. h3 h6 7. Nbd2 Be7 8. Ne5 a6 9. Be2 0-0 10. Nxc6 bxc6 11. 0-0 cxd4 12. exd4 Bd6 13. Bxd6 Qxd6 14. Bf3 Rb8 15. Qc1 Bd7 16. Nb3 Bc8 17. Re1 Nd7 18. Qe3 Qc7 19. Rab1 a5 20. Bd1 Ba6 21. Be2 Bxe2 22. Rxe2 Rb5 23. Nd2 Rfb8 24. Nf3 c5 25. dxc5 Rxc5 26. Rd1 Rc4 27. Rdd2 Re4 28. Qd3 Rxe2 29. Qxe2 Rb7 30. g3 Nf6 31. Qe5 Qc4 32. b3 Qe4 33. Qxe4 Nxe4 34. Rd3 Rc7 35. c4 dxc4 36. bxc4 Rxc4 37. Rd4 Rxd4 38. Nxd4 Nc3 39. Nc6 Nxa2 40. Nxa5 Kf8 41. Nc4 Ke7 42. Kg2 Nc3 43. Ne3 Kf6 44. Nc4 g6 45. Nd2 Kf5 46. f3 e5 47. Nc4 f6 48. Ne3+ Ke6 49. Kf2 f5 50. Ng2 g5 51. Ne1 h5 52. Ke3 Nd5+ 53. Kf2 Nf6 54. Nc2 g4 55. fxg4 hxg4 56. hxg4 Nxg4+ 57. Kf3 Kd5 58. Ne1 Kd4 59. Ke2 Nf6 60. Nf3+ Kd5 61. Nh4 Ke4 62. Kf2 Ng4+ 63. Kg2 Nh6 64. Nf3 Kd5 65. Nh4 e4 66. Ng6 Kd4 67. Nf4 Ke3 68. Nd5+ Kd2 69. Nf4 Nf7 70. Kf2 Ne5 71. Kf1 e3 72. Ne2 Nf3 73. Nf4 Nd4 74. g4 fxg4 75. Kg2 e2 76. Nxe2 Nxe2 77. Kf2 g3+ 78. Kf3 Ke1 79. Kg2 Kd2 80. Kf3 Kd3 81. Kg2 Ke4 82. Kh1 Nf4 83. Kg1 Kf3 84. Kf1 Nh3 85. Ke1 0-1

[Event "Faxe EMT"]
[Site "Faxe"]
[Date "2008.04.30"]
[Round "5"]
[White "Hansen, Arne Mandrup"]
[Black "Hansen, Borge"]
[Result "1/2-1/2"]
[WhiteElo "1307"]
[BlackElo "1554"]
[PlyCount "61"]
[EventDate "2008.03.26"]
[EventType "swiss"]
[EventRounds "7"]
[EventCountry "DEN"]
[SourceTitle "EXT 2023"]
[Source "ChessBase"]
[SourceDate "2022.10.05"]
[SourceVersion "1"]
[SourceVersionDate "2022.10.05"]
[SourceQuality "1"]

1. d4 d5 2. Bf4 e6 3. Nf3 c5 4. e3 Nc6 5. c3 Be7 6. dxc5 Bxc5 7. Bb5 Nge7 8. Nbd2 0-0 9. Nb3 Bd6 10. Bxd6 Qxd6 11. 0-0 a6 12. Be2 Qc7 13. Nfd4 Ne5 14. f4 Nc4 15. Bxc4 dxc4 16. Nd2 b5 17. Qe1 Bb7 18. N2f3 Nc6 19. Nc2 Rae8 20. Rd1 Bc8 21. Qh4 h6 22. Rd2 Rd8 23. Rfd1 Rxd2 24. Rxd2 Rd8 25. Rxd8+ Nxd8 26. Ne5 Nc6 27. Nxc6 Qxc6 28. Nd4 Qe4 29. Nf3 Qb1+ 30. Ne1 Bb7 31. a3 1/2-1/2